LEADER 01018nam a2200313 i 4500 001 991000833309707536 005 20020507174156.0 008 970423s1973 fr ||| | fre 020 $a222535893X 035 $ab10763570-39ule_inst 035 $aLE01303005$9ExL 040 $aDip.to Matematica$beng 082 0 $a515.782 084 $aAMS 46F 084 $aAMS 46F05 084 $aAMS 46F10 100 1 $aChoquet-Bruhat, Yvonne$0319747 245 10$aDistributions :$bthéorie et problèmes /$cpar Y. Choquet-Bruhat 260 $aParis :$bMasson,$c1973 300 $ax, 231, [2] p. ;$c24 cm 500 $aBibliography: p. [232] 650 4$aDistributions 650 4$aTheory of distributions 907 $a.b10763570$b02-04-14$c28-06-02 912 $a991000833309707536 945 $aLE013 46F CHO11 (1973)$g1$i2013000080574$lle013$o-$pE0.00$q-$rl$s- $t0$u0$v0$w0$x0$y.i10859068$z28-06-02 996 $aDistributions$9923215 997 $aUNISALENTO 998 $ale013$b01-01-97$cm$da $e-$ffre$gfr $h0$i1 LEADER 01702nas 2200385 n 450 001 990008900270403321 005 20240229084541.0 011 $a0758-6353 035 $a000890027 035 $aFED01000890027 035 $a(Aleph)000890027FED01 035 $a000890027 091 $2CNR$aP 00070940 100 $a20161109b19501953km-y0itaa50------ba 101 0 $afre 102 $aFR 110 $aauu-------- 200 1 $aAnnuaire de l'Ecole des Legislations Religieuses 207 1$a1950-1953 210 $aParis$cLetouzey et Ane 326 $aAnnuale 530 0 $aAnnuaire de l'Ecole des Legislations Religieuses 675 $a2 675 $a348 712 02$aUniversité de Paris$bFaculté de Droit Canonique$bInstitut Catholique$bBibliotheque Ecole des Legislations Religieuses 801 0$aIT$bACNP$c20090723 859 4 $uhttp://acnp.cib.unibo.it/cgi-ser/start/it/cnr/dc-p1.tcl?catno=45457&person=false&language=ITALIANO&libr=&libr_th=unina1$zBiblioteche che possiedono il periodico 901 $aSE 912 $a990008900270403321 958 $aBiblioteca Centrale della Facoltà di Giurisprudenza dell'Università di Napoli Federico II$b1950-1953.$eUniv. 115$fFGBC 959 $aFGBC 996 $aAnnuaire de l'Ecole des Legislations Religieuses$9800922 997 $aUNINA AP1 8 $6866-01$aNA073 Biblioteca Centrale della Facoltà di Giurisprudenza dell'Università di Napoli Federico II$bUniv. 115$eCorso Umberto I, 80138 Napoli (NA)$m0812537531/33$m0812537532$nit AP2 40$aacnp.cib.unibo.it$nACNP Italian Union Catalogue of Serials$uhttp://acnp.cib.unibo.it/cgi-ser/start/it/cnr/df-p.tcl?catno=45457&language=ITALIANO&libr=&person=&B=1&libr_th=unina&proposto=NO